Municipal entrepreneurship support policies: Convergence or divergence? (Record no. 524358)

000 -LEADER
fixed length control field 01368nam a22001457a 4500
008 - FIXED-LENGTH DATA ELEMENTS--GENERAL INFORMATION
fixed length control field 231110b ||||| |||| 00| 0 eng d
100 ## - MAIN ENTRY--PERSONAL NAME
Personal name Dodaro, Maria
245 ## - TITLE STATEMENT
Title Municipal entrepreneurship support policies: Convergence or divergence?
260 ## - PUBLICATION, DISTRIBUTION, ETC. (IMPRINT)
Place of publication, distribution, etc Local Government Studies
300 ## - PHYSICAL DESCRIPTION
Extent 49(2), Apr, 2023: p.274-293
520 ## - SUMMARY, ETC.
Summary, etc This paper develops a critical understanding of municipal entrepreneurship support policies (MESPs) by investigating the strength of convergence and divergence trends with respect to neoliberal modes of governance in this policy field. To do so, it draws on a comparison between Milan and Barcelona’s MESPs and investigates the ways local policy actors interpret, invalidate or reproduce a neoliberal approach to entrepreneurship policies. Findings from the analysis of grey literature and interviews with policy actors and practitioners show the role municipal governments and local socio-economic and institutional conditions play in shaping compound and divergent approaches to MESPs. On this basis, the article reflects on the agency of local governments and the way urban policies and governance may deviate from neoliberal trajectories. – Reproduced

https://www.tandfonline.com/doi/full/10.1080/03003930.2021.1932479
773 ## - HOST ITEM ENTRY
Main entry heading Local Government Studies
906 ## - LOCAL DATA ELEMENT F, LDF (RLIN)
Subject DIP LOCAL GOVERNMENT
942 ## - ADDED ENTRY ELEMENTS (KOHA)
Item type Articles
Holdings
Withdrawn status Lost status Source of classification or shelving scheme Damaged status Not for loan Permanent location Current location Date acquired Serial Enumeration / chronology Barcode Date last seen Koha item type
          Indian Institute of Public Administration Indian Institute of Public Administration 2023-11-10 49(2), Apr, 2023: p.274-293 AR130235 2023-11-10 Articles

Powered by Koha